000 00551nam a2200181Ia 4500
005 20250923145609.0
008 008 250917s9999 xx 000 0 eng d
037 _aReference
040 _aDSWL
_beng
_cDSWL
041 _aeng
_2eng
084 _aX:9n2,N46, N82
_qDSWL
245 0 _aIndian Labour year book 1980
_c by Ministry of Labour Bureau, India
260 _aNew Delhi
_bDelhi Controller of Publications
_c1982
365 _aINR
_b102.00
925 _g102.00
942 _cREF
_hX:9n2,N46, N82
999 _c1453303
_d1453303